<?xml version="1.0" encoding="UTF-8"?>
<marc:record xmlns:marc="http://www.loc.gov/MARC21/slim">
   <marc:leader>00000nam a2200000 a 4500</marc:leader>
   <marc:datafield ind1="1" ind2=" " tag="100">
      <marc:subfield code="a">fiore-gmbh</marc:subfield>
   </marc:datafield>
   <marc:datafield ind1="1" ind2=" " tag="100">
      <marc:subfield code="a">Feldkötter, Michael</marc:subfield>
   </marc:datafield>
   <marc:datafield ind1=" " ind2=" " tag="653">
      <marc:subfield code="a">Spiele</marc:subfield>
   </marc:datafield>
   <marc:datafield ind1="0" ind2="0" tag="245">
      <marc:subfield code="a">Jumpkins</marc:subfield>
   </marc:datafield>
   <marc:datafield ind1="0" ind2="0" tag="245">
      <marc:subfield code="b">Familienspiel, ab 8 Jahren</marc:subfield>
   </marc:datafield>
   <marc:datafield ind1="0" ind2="0" tag="245">
      <marc:subfield code="c">Feldkötter, Michael; fiore-gmbh</marc:subfield>
   </marc:datafield>
   <marc:datafield ind1=" " ind2="1" tag="264">
      <marc:subfield code="a">Günzburg</marc:subfield>
      <marc:subfield code="b">Huch</marc:subfield>
      <marc:subfield code="c">2020</marc:subfield>
   </marc:datafield>
   <marc:datafield ind1="1" ind2=" " tag="520">
      <marc:subfield code="a">Das heitere Geschicklichkeitsspiel mit einfachen Regeln schult nebenbei das räumliche Denken, die Konzentration und die Geschicklickeit. Forrest Jump und seine Bande von flugunfähigen Insekten wollen es mit ausgefeilten Sprungtechniken auf die kleine Insel im Tümpel schaffen. Wer schafft es, die diversen Absprungpositionen für die Jumpkins-Würfel mit Geschick und Glück so optimal zu nutzen, dass er die meisten eigenen Artgenossen zum höchsten Turm aufstapelt und gewinnt? Der Sprung- und Stapelwettbewerb für die ganze Familie enthält 20 Jumpkins-Würfel und vier sehr abwechslungsreiche Sprunggeräte sowie ein doppelseitiges Einlegeblatt für die innere Spielschachtel sowie Joker- und Punktechips.</marc:subfield>
   </marc:datafield>
   <marc:datafield ind1="3" ind2=" " tag="024">
      <marc:subfield code="a">4260071881267</marc:subfield>
   </marc:datafield>
   <marc:datafield ind1=" " ind2=" " tag="041">
      <marc:subfield code="a">ger</marc:subfield>
   </marc:datafield>
   <marc:datafield ind1=" " ind2=" " tag="500">
      <marc:subfield code="a">Spielanleitung (DE, GB, FR, NL)</marc:subfield>
   </marc:datafield>
   <marc:datafield ind1=" " ind2=" " tag="300">
      <marc:subfield code="a">1 Einlegeblatt, 1 Schwamm, 1 Schale, 1 Säule, 20 Würfel, 106 Kartonteile, 1 Anleitung</marc:subfield>
   </marc:datafield>
</marc:record>
